<?xml version="1.0" encoding="UTF-8"?><?xml-stylesheet type="text/xsl" href="static/style.xsl"?><OAI-PMH xmlns="http://www.openarchives.org/OAI/2.0/" xmlns:xsi="http://www.w3.org/2001/XMLSchema-instance" xsi:schemaLocation="http://www.openarchives.org/OAI/2.0/ http://www.openarchives.org/OAI/2.0/OAI-PMH.xsd"><responseDate>2026-04-17T07:34:27Z</responseDate><request verb="GetRecord" identifier="oai:www.recercat.cat:10256/27941" metadataPrefix="marc">https://recercat.cat/oai/request</request><GetRecord><record><header><identifier>oai:recercat.cat:10256/27941</identifier><datestamp>2025-12-15T00:30:52Z</datestamp><setSpec>com_2072_452966</setSpec><setSpec>com_2072_2054</setSpec><setSpec>col_2072_452968</setSpec></header><metadata><record xmlns="http://www.loc.gov/MARC21/slim" xmlns:dcterms="http://purl.org/dc/terms/" xmlns:xsi="http://www.w3.org/2001/XMLSchema-instance" xmlns:doc="http://www.lyncode.com/xoai" xsi:schemaLocation="http://www.loc.gov/MARC21/slim http://www.loc.gov/standards/marcxml/schema/MARC21slim.xsd">
   <leader>00925njm 22002777a 4500</leader>
   <datafield ind2=" " ind1=" " tag="042">
      <subfield code="a">dc</subfield>
   </datafield>
   <datafield ind2=" " ind1=" " tag="720">
      <subfield code="a">García Lendines, Maria Dolors</subfield>
      <subfield code="e">author</subfield>
   </datafield>
   <datafield ind2=" " ind1=" " tag="260">
      <subfield code="c">2025-05</subfield>
   </datafield>
   <datafield ind2=" " ind1=" " tag="520">
      <subfield code="a">In this work, an investigation will be carried out on the reformulation of the principle of immediacy in&#xd;
criminal proceedings as a result of the impact of new technologies in the judicial field. Specifically,&#xd;
we will focus on the regulations adopted and on the use of digital media, such as videoconferencing,&#xd;
to assess how this principle has had to be adapted to this new technological era. We will also focus on&#xd;
the procedure that must be followed to correctly carry out a telematic trial and, subsequently, we will&#xd;
explain the special cases regarding telematic presence and the exceptions to this intervention via&#xd;
telematic means. Next, we will briefly mention the advantages and disadvantages of using these&#xd;
digital tools in the criminal procedure and regarding the civil servants who work in the service of the&#xd;
Administration of Justice. Finally, in the conclusions, a brief analysis will be made regarding the&#xd;
issues addressed throughout the work and a response will be given to them</subfield>
   </datafield>
   <datafield ind2=" " ind1=" " tag="520">
      <subfield code="a">En el present treball es realitzarà una investigació sobre la reformulació del principi d’immediació en&#xd;
el procés penal a conseqüència de l’impacte de les noves tecnologies en l’àmbit judicial. En concret,&#xd;
ens centrarem en la normativa adoptada i en l’ús de mitjans digitals, com la videoconferència, per&#xd;
valorar de quina manera s’ha hagut d’adaptar aquest principi a aquesta nova era tecnològica. També&#xd;
ens focalitzarem en el procediment que s’ha de seguir per dur a terme correctament un judici telemàtic&#xd;
i, posteriorment, exposarem els supòsits especials sobre la presència telemàtica i les excepcions a&#xd;
aquesta intervenció per via telemàtica. Seguidament, mencionarem breument quins són els avantatges&#xd;
i desavantatges d’utilitzar aquestes eines digitals en el procés penal respecte del procediment digital i&#xd;
respecte als funcionaris que treballen al servei de l’Administració de Justícia. Finalment, a les&#xd;
conclusions es farà una breu anàlisi respecte a les qüestions tractades durant tot el treball i es donarà&#xd;
resposta a aquestes</subfield>
   </datafield>
   <datafield ind2=" " ind1=" " tag="520">
      <subfield code="a">16</subfield>
   </datafield>
   <datafield ind1="8" ind2=" " tag="024">
      <subfield code="a">http://hdl.handle.net/10256/27941</subfield>
   </datafield>
   <datafield tag="653" ind2=" " ind1=" ">
      <subfield code="a">Dret processal</subfield>
   </datafield>
   <datafield tag="653" ind2=" " ind1=" ">
      <subfield code="a">Procedure (Law)</subfield>
   </datafield>
   <datafield tag="653" ind2=" " ind1=" ">
      <subfield code="a">Procediment penal</subfield>
   </datafield>
   <datafield tag="653" ind2=" " ind1=" ">
      <subfield code="a">Criminal procedure</subfield>
   </datafield>
   <datafield tag="653" ind2=" " ind1=" ">
      <subfield code="a">Pràctica processal</subfield>
   </datafield>
   <datafield tag="653" ind2=" " ind1=" ">
      <subfield code="a">Trial practice</subfield>
   </datafield>
   <datafield tag="653" ind2=" " ind1=" ">
      <subfield code="a">Videoconferències</subfield>
   </datafield>
   <datafield ind2="0" ind1="0" tag="245">
      <subfield code="a">La virtualització del principi d’immediació en el procés penal: els judicis telemàtics i l’ús de la videoconferència</subfield>
   </datafield>
</record></metadata></record></GetRecord></OAI-PMH>